| Tag |
First Indicator |
Second Indicator |
Subfields |
| LEADER |
00000cam a2200000 4500 |
| 001 |
in00000045019 |
| 005 |
20151007065158.0 |
| 008 |
760724s1940 mnu b 00000 eng |
| 010 |
|
|
|a 41011658
|
| 035 |
|
|
|a (OCoLC)02330082
|
| 035 |
|
|
|9 AAE1453AM
|
| 040 |
|
|
|a DLC
|c TOL
|d TXA
|d UtOrBLW
|
| 049 |
|
|
|a TXAM
|c [101548]
|
| 050 |
0 |
0 |
|a QD271
|b .B58 1940
|
| 082 |
0 |
|
|a 543.8
|
| 092 |
|
|
|a 543.8
|b B651d, 1940
|
| 100 |
1 |
|
|a Block, Richard Joseph,
|d 1906-1962.
|
| 245 |
1 |
4 |
|a The determination of the amino acids /
|c by Richard J. Block ... and Diana Bolling ...
|
| 250 |
|
|
|a Rev. ed.
|
| 264 |
|
1 |
|a Minneapolis, Minn. :
|b Burgess publishing co.,
|c [1940]
|
| 264 |
|
4 |
|c ©1940
|
| 300 |
|
|
|a 1 page 1., xi, 58 numbered 1 :
|b including 2 tables (1 folded) plates. ;
|c 28 cm.
|
| 336 |
|
|
|a text
|b txt
|2 rdacontent
|
| 337 |
|
|
|a unmediated
|b n
|2 rdamedia
|
| 338 |
|
|
|a sheet
|b nb
|2 rdacarrier
|
| 500 |
|
|
|a Reproduced from type-written copy.
|
| 504 |
|
|
|a Bibliography at end of chapters I-Ix; chapter X, "Miscellaneous references on amino acids": leaves 56-58.
|
| 650 |
|
0 |
|a Amino acids.
|
| 700 |
1 |
|
|a Bolling, Diana.
|
| 999 |
|
|
|a MARS
|
| 999 |
f |
f |
|s ca734922-e447-3187-9d2f-3f2ba5c310f2
|i eb03cf0c-9bdf-3b64-8fed-d18fce984ec2
|t 0
|
| 952 |
f |
f |
|p ric
|a Texas A&M University
|b Rellis Campus
|c Joint Library Facility
|d Remote Storage
|t 0
|e QD271 .B58 1940
|h Library of Congress classification
|i unmediated -- sheet
|m A14800939824
|
| 998 |
f |
f |
|a QD271 .B58 1940
|t 0
|l Remote Storage
|